000 00341nam a2200133 i 4500
001 bg
100 1 _aSŁOTWIŃSKI, B.
245 0 _aPozycja przedsiębiorstw państwowych wobec rad narodowych /
_cB. Słotwiński.
260 _aWarszawa,
_c1985.
040 _cBPK
041 _apol
942 _cKS
008 s pl f |000 0 pol
999 _c2675
_d2675
856 _uhttp://koha.tu.koszalin.pl/cgi-bin/koha/opac-detail.pl?biblionumber=2675
_yKatalog online BPK